| 000 | 01154nam2a2200217 4500 | ||
|---|---|---|---|
| 001 | RU\NLR\PER_A\011661292_000030 | ||
| 005 | 20250623214642.0 | ||
| 010 | _a978-5-91730-880-7 | ||
| 035 | _a(NLR Aleph) 012151482 | ||
| 090 |
_a12151323 _c12151323 |
||
| 100 | _a20191203d2019 |||y0rusy50 ca | ||
| 101 | 0 | _arus | |
| 102 | _aRU | ||
| 200 | 0 | _aВып. 3 | |
| 210 |
_d2019 _aБ. м. |
||
| 461 | 0 |
_1001RU\NLR\BIBL_A\011661292 _12001#$aВестник$eматериалы проектной деятельности учащихся$fГос. бюдж. общеобразоват. учреждение г. Москвы "Шк. № 1392 им. Д.В. Рябинкина"$vВып. 3 _911182912 _aШкола им. Д. В. Рябинкина (1392; Москва) _cМосква _d2017 - _fГос. бюдж. общеобразоват. учреждение г. Москвы "Шк. № 1392 им. Д.В. Рябинкина" _nГБОУ г. Москвы "Школа № 1392" _oматериалы проектной деятельности учащихся _tВестник _vВып. 3 |
|
| 852 |
_aNLR _jП28/2799 |
||
| 942 | _cISSUE | ||
| 980 | _aNB | ||
| 980 | _aRUSPER | ||